000
00269nam a2200133Ia 4500
100
_a
DASS/H.K.
650
_a
Mathematics
942
_c
BK
366
_f
20
245
_a
Applied Mathematics
260
_b
CBS
_a
New Delhi
_c
2012
082
_a
570/DAS
546
_a
ENGLISH
999
_c
32502
_d
32502